Fußball: Alle deutschen Nationalspieler von Borussia Dortmund ab 2000 - Statistiken

Allgemein
  • Dieses Quiz wurde 1.740 mal gespielt
    127 seit der letzten Aktualisierung
  • Das Durchschnittsergebnis liegt bei 21 aus 34
Antwortstatistiken
Debüt
Nationalmannschaft
Anzahl
Länderspiele
insgesamt
Spieler % Korrekt
2011* 48 Marco Reus
91%
2010 66 Mario Götze
90%
2010 76 Mats Hummels
90%
2013 5 Roman Weidenfeller
90%
2023* 16 Pascal Groß
89%
2022* 23 Nico Schlotterbeck
85%
2021* 9 Karim Adeyemi
84%
2016 47 Julian Brandt
83%
2010 6 Kevin Großkreutz
82%
2010 16 Marcel Schmelzer
80%
2015* 48 Emre Can
72%
2014 7 Erik Durm
70%
2016* 45 Niklas Süle
70%
2001* 31 Sebastian Kehl
70%
2024* 5 Maxi Beier
65%
2011 7 Sven Bender
65%
2011 82 Ilkay Gündogan
63%
2022* 24 Niclas Füllkrug
63%
2023* 6 Felix Nmecha
62%
2024* 12 Waldemar Anton
60%
1997 16 Lars Ricken
56%
2022 2 Youssoufa Moukoko
51%
2010* 57 Andre Schürrle
49%
2014* 50 Matthias Ginter
44%
2001* 79 Torsten Frings
41%
1998* 61 Jens Lehmann
39%
2006 16 David Odonkor
38%
1992* 66 Christian Wörns
36%
2001 47 Christoph Metzelder
36%
2016 6 Julian Weigl
33%
2018* 12 Nico Schulz
30%
2023 2 Marius Wolf
29%
2020 2 Mahmoud Dahoud
25%
1995* 37 Jörg Heinrich
21%
Keine übereinstimmenden Quizze gefunden
Verteilung der Resultate
Anzahl Personen mit jedem Resultat
Perzentil nach korrekt beantworteten Fragen
Ihre Resultats-Entwicklung
Sie haben dieses Quiz seit der letzten Aktualisierung nicht gespielt